=LDR 00000nam 2200000 4500 =001 INLIS000000000053820 =005 20210223091427 =035 ##$$a 0010-0319000015 =007 ta =008 210223################g##########0#ind## =082 ##$$a 347.05 =084 ##$$a 347.05 LAP l =245 ##$$a Laporan Tahunan Mahkamah Konstitusi 2017 Konsistensi pada Konstitusi dan Ideologi Negara /$c Mahkamah Konstitusi =260 ##$$a Jakarta :$b Kepaniteraan dan Sekretariat Jenderal Mahkamah Konstitusi,$c 2018 =300 ##$$a xxxvi,159 hlm. : $b ilus. ; $c 21x29 Cm. =650 #4$$a MAHKAMAH KONSTITUSI - LAPORAN =990 ##$$a 318001502 =990 ##$$a 31800152